| 000 | 01564nam a22001937a 4500 | ||
|---|---|---|---|
| 003 | LC | ||
| 005 | 20170203101957.0 | ||
| 008 | 170203b xxu||||| |||| 00| 0 eng d | ||
| 020 | _a9781631590313 | ||
| 050 | _aN 6498.F6. W872 2014 | ||
| 100 | _aWongpakdee, Patty K. | ||
| 245 |
_aArt without waste _b500 upcycled & earth-friendly designs / _cPatty K Wongpakdee |
||
| 260 |
_aBeverly, MA : _bRockport Publishers, _cc2014 |
||
| 300 |
_a208 pages : _bchiefly color illustrations ; _c21 cm |
||
| 520 | _a "Art Without Waste features 500 upcycled and Earth-friendly designs from cutting-edge designers, illustrators and artists around the world. With a broad scope of alternative uses for discarded items, such as bottle caps, gas cans, and skateboards, the designs featured in this book also explore new uses for sustainable resources such as wood, straw, and paper. This is a gorgeous and inspiring collection of works from artists whose approach often incorporates eco-friendly principles such as upcycling, with sustainability as a central goal. Find inspiration from an array of non-traditional artists and designers. Some have invented new techniques, while others have harnessed a creative passion into manipulated materials, resulting in dynamic forms that encourage audiences to perceive discarded items in an entirely new light. So don't just throw away that bottle or plastic cap- recycle it into your own exciting art projects" | ||
| 650 |
_aFound objects (Art) _vPictorial works. |
||
| 650 |
_aRecycled products _vPictorial works. |
||
| 942 |
_2lcc _cBK |
||
| 999 |
_c305407 _d305407 |
||